000 00421nam a2200181Ia 4500
001 4080
005 20260306145729.0
008 260306t2005||||xx |||||||||||||| ||spa||
041 _aESP
082 _a306.85
_bH12 Nº 44
100 _aSánchez, Ana
_eAUT
245 0 _aExperiencias de una madre
260 _c2005
300 _a250 páginas :
_c19 cm.
650 _aGEN
654 _aCED
942 _cLIB
_dJUS
_fJUS
_2ddc
_n
999 _c4080
_d4080